000 00461nam a2200169 a 4500
005 20140412111327.0
008 010424s19uu xx 00 eng d
020 _a0-14-055282-0
050 _aTR(PS E
_bSp6 1984
100 _aHill, Eric
245 _aSpot goes to school /
_cEric Hill.
260 _aNew York :
_bPuffin Books,
_c1984.
300 _a1v. (unp.) ; ill.
650 _aSchool stories - Fiction
650 _aChildren's stories
999 _c104684
_d104684